| 000 | 00791cam a2200229 a 4500 | ||
|---|---|---|---|
| 999 |
_c2074 _d2074 |
||
| 001 | 911 | ||
| 003 | BD-DhUAP | ||
| 005 | 20210128093242.0 | ||
| 008 | 200219s1987 ph a b i100 0 eng | ||
| 040 |
_aBD-DhUAP _cBD-DhUAP _dBD-DhUAP _bEng |
||
| 082 | 0 | 0 |
_a374.4 DIS _223 |
| 245 | 1 | 0 |
_aDistance education in Asia and the Pacific : _bproceedings of the Regional Seminar on Distance Education. |
| 260 |
_aManila : _bAsian Development Bank, _c1987. |
||
| 300 |
_avolumes ; _c23 cm. |
||
| 504 | _aIncludes bibliographical references. | ||
| 505 | _aV. 2-- | ||
| 650 | 0 |
_aDistance education _zIndonesia _xCongresses. |
|
| 710 | 2 | _aAsian Development Bank. | |
| 906 |
_a7 _bcbc _corigode _d2 _encip _f19 _gy-gencatlg |
||
| 942 |
_2ddc _cBK |
||